Bus 34 du réseau ilevia - Statistiques

Statistiques générales
  • Ce quiz a été pris 10 fois
  • Le résultat moyen est 25 sur 36
Statistiques - réponses
Lignes Arrêt % Correct
13,32,34,73,876,910,968,CO3,L6,N1,M1 Pont de Bois
100%
33,34,35,36,78,L3,L4,L8,C12,MWR,BRT,M2,BREM2,TWR Roubaix Eurotéléport
100%
33,34,66,78,CIT5,L4,Z6 Vélodrome
100%
33,34,35,78,L4 Condition Publique
83%
32,34,911,968,969,L6 Cousinerie
83%
34,36,60E,911,968 Elsa Triolet
83%
34,CIT5,Z6 Léon Marlot
83%
34,L8,CIT5,Z6 Les Hauts Champs
83%
33,34,35,78,L3,L4,L8,MWR Nations Unies
83%
33,34,78,CIT5,L4,Z6 Trois Ponts
83%
34,968 8 Mai 1945
67%
34 Ampère
67%
34,911,968,969 Brigode
67%
34,36 Calmette
67%
33,34,35 Franklin
67%
33,34,35,78,L3,L8,MWR Galon d'Eau
67%
34,911 Hempempont
67%
34,911,968,969 Lac de Canteleu
67%
34,36,L8 Laënnec
67%
34,968 Lionderie
67%
33,34,35 Molière
67%
34,66,CIT5,L3,Z6 Motte
67%
34,911,968,969 Musée du Terroir
67%
34,36 Pascal
67%
13,34,73,968 Petit Boulevard
67%
13,34,73,968 Poste d'Annappes
67%
32,34,911 Rue de Lannoy
67%
34,36 Rue des Ecoles
67%
33,34 Uniquement vers Eurotéléport Rue d'Orchies
67%
34,66,CIT5,Z6 Salengro
67%
33,34,78,L4 Verdun
67%
13,34,73,968 Baudouin IX
50%
34,36 Guynemer
50%
34,60E,911 Hem Mairie
50%
34,36 Watteuw
50%
13,34,73,910,968 Annappes République
33%
Aucun quiz correspondant
Distribution des résultats
% des personnes avec chaque résultat
Percentile par nombre de réponses
Votre historique - résultats
Vous n’avez pas pris ce quiz